000
00322 a2200157 4500
001
57918
020
_a
8526502840
040
_c
Anchieta - Pituba
100
_a
Straub, Peter
240
1
0
_a
Mistério
_l
por
245
1
0
_a
Mistério
300
_a
422
362
0
_a
1992
650
4
_a
Ficção norte-americana
942
_c
BK
999
_c
57918
_d
57918